The Victor Wembanyama Quiz - Statistics

General Stats
  • This quiz has been taken 109 times
    92 since last reset
  • The average score is 4 of 9
Answer Stats
Hint Answer % Correct
Wembey's jersey number 1
91%
How many points did Wembey Record in his first game 15
79%
Last big man drafted number 1 by the Spurs Tim Duncan
67%
What is Wembey's Shoe SIZE 20.5
35%
Wembey's old team mate that got drafted the same night Bilal Coulibaly
30%
Wembey's old French team Metropolitans 92
27%
What team did Wembey throw the first pitch for New York Yankees
17%
Wembanyama's First 2k rating 84 overall
12%
What Fast Food Joint was Wembey exited to try in America In N' Out Burger
6%
No matching quizzes found
Score Distribution
Percent of People with Each Score
Percentile by Number Answered
Your Score History
You have not taken this quiz since the last reset